书目信息 |
| 题名: |
唐末农民战争
|
|
| 作者: | 胡如雷 著 | |
| 分册: | ||
| 出版信息: | 北京 中华书局 1979 |
|
| 页数: | 215页 | |
| 开本: | 19cm | |
| 丛书名: | 中华史学丛书 | |
| 单 册: | ||
| 中图分类: | K242.401 | |
| 科图分类: | ||
| 主题词: | 唐末农民战争 , 黄巢起义 | |
| 电子资源: | ||
| ISBN: | ||
| 000 | 00661oam2 2200253 450 | |
| 001 | 1531312611 | |
| 005 | 20150127211031.67 | |
| 010 | @dCNY0.52 | |
| 091 | @a11018.795 | |
| 100 | @a19950724d1979 em y0chiy0110 ea | |
| 101 | 0 | @achi |
| 102 | @aCN@b110000 | |
| 105 | @ay z 000yy | |
| 200 | 1 | @a唐末农民战争@Atang mo nong min zhan zheng@f胡如雷著 |
| 210 | @a北京@c中华书局@d1979 | |
| 215 | @a215页@d19cm | |
| 225 | 2 | @a中华史学丛书 |
| 461 | 0 | @12001 @a中华史学丛书 |
| 606 | 0 | @a唐末农民战争 |
| 606 | 0 | @a黄巢起义 |
| 690 | @aK242.401@v3 | |
| 701 | 0 | @a胡如雷@Ahu ru lei@f(1926~1998)@4著 |
| 801 | 0 | @aCN@bTSSF@c20150127 |
| 905 | @aZUCC@dK242.401@eJY1 | |
| 唐末农民战争/胡如雷著.-北京:中华书局,1979 |
| 215页;19cm.-(中华史学丛书) |
| ISBN :CNY0.52 |
| ● |
| 相关链接 |
|
|
|
|
正题名:唐末农民战争
索取号:K242.401/JY1
 
预约/预借
| 序号 | 登录号 | 条形码 | 馆藏地/架位号 | 状态 | 备注 |
| 1 | 7848450 | 278484506 | 学院路分馆/ [索取号:K242.401/JY1] | 在馆 | |
| 2 | 7848451 | 278484515 | 学院路分馆/ [索取号:K242.401/JY1] | 在馆 | |
| 3 | 7848452 | 278484524 | 学院路分馆/ [索取号:K242.401/JY1] | 在馆 | |
| 4 | 7848453 | 278484533 | 学院路分馆/ [索取号:K242.401/JY1] | 在馆 |